000 01372nam a2200313 a 4500
001 BRCA_2841
005 20190320204008.0
008 091208s1683----gw-a---###---#000-0#ger-u
041 _ager
044 _agw
084 _a266
_b.L83
_c1683
100 1 _aCervantes Saavedra, Miguel de
_d1547-1616
_9213
245 1 0 _aDon Quixote Von Mancha, Abentheurliche Geschichte
_cMiguel de Cervantes Saavedra.
260 _aBasel : Franckfurt
_bJohann Ludwig Du Four
_c1683
300 _a741 p.
_bil.
_c19 cm.
500 _aContenido : Primera parte. Dedicatoria y prólogo del traductor. Texto. Segunda parte. Texto
500 _aReimpresión de la primera traducción alemana completa, publicada el año anterior por el mismo editor, basada en la edición castellana de Amberes (1673), cuyas láminas reproduce. Piel Lúdovik Osterc
500 _aEstado físico : Corte en la parte inferior derecha de la portada
500 _aCon ex-libris de : Hammer Stockholm. D.G. -V.B.
500 _aQM495
546 _aTexto en : alemán
650 1 4 _aNovela española
_yÉpoca clásica, 1500-1700
_9215
650 1 4 _aLiteratura española
_yÉpoca clásica, 1500-1700
_9216
650 1 4 _aNovela española
_ySiglo XVII
_9217
650 1 4 _aDon Quijote (Personaje ficticio)
_eNovela
_9218
740 0 _aEl Ingenioso Hidalgo Don Quijote de la Mancha
902 _aQFM
942 _2lcc
_cB
999 _c2580
_d2580